<?xml version="1.0" encoding="UTF-8"?>
<record
    xmlns:xsi="http://www.w3.org/2001/XMLSchema-instance"
    xsi:schemaLocation="http://www.loc.gov/MARC21/slim http://www.loc.gov/standards/marcxml/schema/MARC21slim.xsd"
    xmlns="http://www.loc.gov/MARC21/slim">

  <leader>01641nas1a22003011i 4500</leader>
  <controlfield tag="001">RU\NLR\INFOCOMM10\1000304065</controlfield>
  <controlfield tag="005">20240723101430.0</controlfield>
  <datafield tag="035" ind1=" " ind2=" ">
    <subfield code="a">(NLR Aleph) 002340440</subfield>
  </datafield>
  <datafield tag="090" ind1=" " ind2=" ">
    <subfield code="a">4480999</subfield>
    <subfield code="c">4480999</subfield>
  </datafield>
  <datafield tag="100" ind1=" " ind2=" ">
    <subfield code="a">20041022c1991    |||y0rusy50      ca</subfield>
  </datafield>
  <datafield tag="101" ind1="0" ind2=" ">
    <subfield code="a">rus</subfield>
  </datafield>
  <datafield tag="102" ind1=" " ind2=" ">
    <subfield code="a">RU</subfield>
  </datafield>
  <datafield tag="110" ind1=" " ind2=" ">
    <subfield code="a">zyu||||0|y0</subfield>
  </datafield>
  <datafield tag="200" ind1="1" ind2=" ">
    <subfield code="a">&#x421;&#x432;&#x435;&#x440;&#x445;&#x43F;&#x440;&#x43E;&#x432;&#x43E;&#x434;&#x43D;&#x438;&#x43A;&#x43E;&#x432;&#x430;&#x44F; &#x44D;&#x43B;&#x435;&#x43A;&#x442;&#x440;&#x43E;&#x43D;&#x438;&#x43A;&#x430;</subfield>
    <subfield code="e">&#x423;&#x43A;&#x430;&#x437;. &#x43E;&#x442;&#x435;&#x447;. &#x438; &#x438;&#x43D;&#x43E;&#x441;&#x442;&#x440;. &#x43B;&#x438;&#x442;.</subfield>
    <subfield code="f">&#x410;&#x41D; &#x421;&#x421;&#x421;&#x420;. &#x411;-&#x43A;&#x430; &#x410;&#x41D; &#x421;&#x421;&#x421;&#x420;, &#x424;&#x438;&#x437;.-&#x442;&#x435;&#x445;&#x43D;. &#x438;&#x43D;-&#x442; &#x438;&#x43C;. &#x410;.&#x424;. &#x418;&#x43E;&#x444;&#x444;&#x435; &#x410;&#x41D; &#x421;&#x421;&#x421;&#x420;</subfield>
  </datafield>
  <datafield tag="210" ind1=" " ind2=" ">
    <subfield code="a">&#x41B;.</subfield>
    <subfield code="c">&#x411;&#x410;&#x41D;</subfield>
    <subfield code="d">1991-</subfield>
  </datafield>
  <datafield tag="712" ind1="0" ind2="2">
    <subfield code="a">&#x410;&#x41D; &#x421;&#x421;&#x421;&#x420;</subfield>
    <subfield code="b">&#x411;&#x438;&#x431;&#x43B;&#x438;&#x43E;&#x442;&#x435;&#x43A;&#x430;</subfield>
    <subfield code="4">570</subfield>
  </datafield>
  <datafield tag="712" ind1="0" ind2="2">
    <subfield code="a">&#x420;&#x43E;&#x441;&#x441;&#x438;&#x439;&#x441;&#x43A;&#x430;&#x44F; &#x430;&#x43A;&#x430;&#x434;&#x435;&#x43C;&#x438;&#x44F; &#x43D;&#x430;&#x443;&#x43A;</subfield>
    <subfield code="b">&#x411;&#x438;&#x431;&#x43B;&#x438;&#x43E;&#x442;&#x435;&#x43A;&#x430;</subfield>
    <subfield code="4">570</subfield>
  </datafield>
  <datafield tag="801" ind1=" " ind2="1">
    <subfield code="a">RU</subfield>
    <subfield code="b">InfoComm</subfield>
    <subfield code="c">20041022</subfield>
  </datafield>
  <datafield tag="801" ind1=" " ind2="0">
    <subfield code="a">RU</subfield>
    <subfield code="b">NLR</subfield>
    <subfield code="g">PSBO</subfield>
  </datafield>
  <datafield tag="852" ind1=" " ind2=" ">
    <subfield code="a">NLR</subfield>
    <subfield code="b">&#x421;</subfield>
    <subfield code="j">&#x41F;-1/1962</subfield>
  </datafield>
  <datafield tag="942" ind1=" " ind2=" ">
    <subfield code="c">SE</subfield>
  </datafield>
  <datafield tag="980" ind1=" " ind2=" ">
    <subfield code="a">RUSPER</subfield>
  </datafield>
</record>
